[Event "Quebec-ch"]
[Site "Montreal CAN"]
[Date "1982.06.14"]
[Round "2"]
[White "Lake, Perry"]
[Black "Hebert, Jean"]
[Result "0-1"]
[WhiteElo "2131"]
[BlackElo "2435"]
[PlyCount "85"]
[GameId "2160767912848471"]
[EventDate "1982.06.13"]
[EventType "tourn"]
[EventRounds "9"]
[EventCountry "CAN"]

1. g3 d5 2. Bg2 Nf6 3. c4 d4 4. d3 c5 5. Nf3 Nc6 6. O-O e5 7. e3 Be7 8. exd4 exd4 9. Re1 O-O 10. a3 a5 11. Nbd2 h6 12. Ne5 Nxe5 13. Rxe5 Bd6 14. Re1 Rb8 15. Ne4 Nxe4 16. Bxe4 b5 17. Qh5 f5 18. Bd5+ Kh7 19. b3 bxc4 20. bxc4 Rb3 21. Ra2 Qf6 22. Rae2 f4 23. Bxf4 Bxf4 24. gxf4 Bf5 25. Re8 Bg6 26. Rxf8 Qxf8 27. Be4 Qf6 28. Qxg6+ Qxg6+ 29. Bxg6+ Kxg6 30. Re5 Rxd3 31. Rxc5 Rxa3 32. Kf1 a4 33. Ra5 Ra1+ 34. Ke2 a3 35. Kd2 a2 36. Kc2 d3+ 37. Kb2 d2 38. Ra6+ Kf5 39. Kxa1 d1=Q+ 40. Kxa2 Qc2+ 41. Ka3 Qc3+ 42. Ka4 Qxc4+ 43. Ka5 0-1

[Event "Quebec-ch"]
[Site "Montreal CAN"]
[Date "1982.06.15"]
[Round "3"]
[White "Hebert, Jean"]
[Black "St Amand, Paul Jr"]
[Result "1-0"]
[WhiteElo "2435"]
[BlackElo "2011"]
[PlyCount "113"]
[GameId "2160767912848477"]
[EventDate "1982.06.13"]
[EventType "tourn"]
[EventRounds "9"]
[EventCountry "CAN"]

1. e4 c5 2. Nf3 e6 3. Nc3 Nc6 4. d4 cxd4 5. Nxd4 a6 6. g3 Qc7 7. Bg2 Nf6 8. O-O Be7 9. Re1 Nxd4 10. Qxd4 d6 11. a4 O-O 12. a5 Bd7 13. h3 Rab8 14. Be3 Rfc8 15. Qd2 Bc6 16. Bb6 Qd7 17. f4 Qe8 18. b3 Nd7 19. Ba7 Ra8 20. Bd4 Nc5 21. Kh2 Rc7 22. Ra2 Rac8 23. Bf1 Qf8 24. f5 exf5 25. exf5 Nd7 26. Bg2 Bf6 27. Bxf6 Nxf6 28. Bxc6 Rxc6 29. Na4 d5 30. Nb6 Rd8 31. Re3 Qc5 32. b4 Qd6 33. Qd4 h5 34. Kg2 Rc7 35. c3 Re7 36. Rae2 Rxe3 37. Rxe3 Kf8 38. g4 hxg4 39. hxg4 Re8 40. Nc4 Qc7 41. Rxe8+ Kxe8 42. Ne3 Qd6 43. Kf3 Qh2 44. Qf4 Qh1+ 45. Ke2 Nd7 46. Qc7 d4 47. cxd4 Qe4 48. Qd6 Qe7 49. Qxe7+ Kxe7 50. Kd3 Kd6 51. Nc4+ Kd5 52. g5 f6 53. g6 Nb8 54. Nb6+ Kd6 55. Kc4 Nc6 56. Nd5 Na7 57. Nxf6 1-0

[Event "Quebec-ch"]
[Site "Montreal CAN"]
[Date "1982.06.16"]
[Round "4"]
[White "Witt, Laszlo"]
[Black "Hebert, Jean"]
[Result "1-0"]
[WhiteElo "2388"]
[BlackElo "2435"]
[PlyCount "51"]
[GameId "2160767912848484"]
[EventDate "1982.06.13"]
[EventType "tourn"]
[EventRounds "9"]
[EventCountry "CAN"]

1. c4 e5 2. Nc3 Bb4 3. g3 Nf6 4. Bg2 O-O 5. d3 c6 6. Bd2 d5 7. Qb3 a5 8. a3 Bxc3 9. Qxc3 d4 10. Qc2 Bf5 11. f3 Qc8 12. g4 Be6 13. Nh3 c5 14. Nf2 Nc6 15. h3 Nd7 16. Ne4 f5 17. gxf5 Bxf5 18. Nd6 Qc7 19. Nxf5 Rxf5 20. O-O-O Rff8 21. Rdg1 Kh8 22. h4 Rfb8 23. Bh3 b5 24. cxb5 Rxb5 25. Qc4 Rb7 26. Rxg7 1-0

[Event "Quebec-ch"]
[Site "Montreal CAN"]
[Date "1982.06.18"]
[Round "5"]
[White "Hebert, Jean"]
[Black "Bolduc, Steve"]
[Result "1/2-1/2"]
[WhiteElo "2435"]
[BlackElo "2047"]
[PlyCount "47"]
[GameId "2160767912848487"]
[EventDate "1982.06.13"]
[EventType "tourn"]
[EventRounds "9"]
[EventCountry "CAN"]

1. e4 c6 2. d4 d5 3. Nd2 dxe4 4. Nxe4 Nd7 5. Nf3 Ngf6 6. Ng3 e6 7. c3 Be7 8. Bd3 c5 9. O-O cxd4 10. Nxd4 Nc5 11. Bc2 a6 12. Re1 O-O 13. Qe2 Re8 14. Bg5 Qc7 15. Bxf6 Bxf6 16. Nh5 Nd7 17. Rad1 Be5 18. Nf3 Bd6 19. Qd3 g6 20. Qxd6 Qxd6 21. Rxd6 gxh5 22. Red1 Nf6 23. c4 Rb8 24. c5 1/2-1/2

[Event "Quebec-ch"]
[Site "Montreal CAN"]
[Date "1982.06.19"]
[Round "6"]
[White "Spraggett, Kevin"]
[Black "Hebert, Jean"]
[Result "1-0"]
[WhiteElo "2513"]
[BlackElo "2435"]
[PlyCount "93"]
[GameId "2160767912848491"]
[EventDate "1982.06.13"]
[EventType "tourn"]
[EventRounds "9"]
[EventCountry "CAN"]

1. e4 c5 2. Nf3 d6 3. d4 cxd4 4. Nxd4 Nf6 5. Nc3 g6 6. Be2 Bg7 7. O-O Nc6 8. Be3 O-O 9. Nb3 Be6 10. f4 Na5 11. f5 Bc4 12. Bd3 Bxd3 13. cxd3 Nxb3 14. axb3 d5 15. Bd4 dxe4 16. dxe4 gxf5 17. Rxf5 e6 18. Rf3 Ne8 19. Bc5 Qc7 20. Bxf8 Kxf8 21. Qe2 Be5 22. Rh3 Nf6 23. Rf1 h5 24. Kh1 Ke7 25. Rhf3 Qc5 26. h3 Rf8 27. Qe1 Rg8 28. Qh4 Rg6 29. Ne2 Qc2 30. R3f2 Qxe4 31. Qxe4 Nxe4 32. Rxf7+ Kd6 33. Rxb7 Bxb2 34. Rxa7 Rg5 35. Ra2 Be5 36. Ra5 Nf6 37. Nc3 Rf5 38. Rxf5 exf5 39. Ne2 f4 40. Ra6+ Ke7 41. Kg1 Ne4 42. Ra4 Nc5 43. Ra7+ Kf6 44. b4 Nd3 45. b5 Bd6 46. Kf1 Bc5 47. Rd7 1-0

[Event "Quebec-ch"]
[Site "Montreal CAN"]
[Date "1982.06.20"]
[Round "7"]
[White "Hebert, Jean"]
[Black "Williams, Leo"]
[Result "1/2-1/2"]
[WhiteElo "2435"]
[BlackElo "2102"]
[PlyCount "108"]
[GameId "2160767912848497"]
[EventDate "1982.06.13"]
[EventType "tourn"]
[EventRounds "9"]
[EventCountry "CAN"]

1. e4 c5 2. Nf3 d6 3. d4 cxd4 4. Qxd4 a6 5. c4 Nc6 6. Qd1 Nf6 7. Nc3 g6 8. h3 Bg7 9. Be2 O-O 10. O-O Nd7 11. Be3 Bxc3 12. bxc3 Qa5 13. Qc2 Nc5 14. Nd2 Qa4 15. Qb2 Be6 16. Rab1 Rab8 17. f3 Rfc8 18. Rfd1 Ne5 19. Qb4 Qxb4 20. cxb4 Na4 21. Rdc1 b5 22. c5 Bxa2 23. Ra1 Be6 24. f4 Nc6 25. f5 gxf5 26. cxd6 exd6 27. Bf4 Ne5 28. exf5 Bxf5 29. Nb3 Rxc1+ 30. Rxc1 Rc8 31. Re1 Re8 32. Kf2 Nb2 33. Bxe5 Rxe5 34. Ra1 Bd3 35. Bf3 Bc4 36. Nc1 Na4 37. Bb7 d5 38. Bxa6 Nc3 39. Ra3 Ne4+ 40. Ke3 Nd6+ 41. Kd4 Rg5 42. g4 h5 43. gxh5 Rxh5 44. Rf3 Ne4 45. Nd3 Rh4 46. Rf4 Rxh3 47. Ne5 Nc3 48. Rxf7 Ne2+ 49. Kc5 Rh5 50. Re7 d4 51. Bxb5 Bxb5 52. Kxb5 d3 53. Rd7 Rxe5+ 54. Kc4 Re4+ 1/2-1/2

[Event "Quebec-ch"]
[Site "Montreal CAN"]
[Date "1982.06.23"]
[Round "9"]
[White "Levtchouk, George"]
[Black "Hebert, Jean"]
[Result "0-1"]
[WhiteElo "2216"]
[BlackElo "2435"]
[PlyCount "48"]
[GameId "2160767912848508"]
[EventDate "1982.06.13"]
[EventType "tourn"]
[EventRounds "9"]
[EventCountry "CAN"]

1. d4 Nf6 2. c4 e6 3. Nf3 c5 4. d5 exd5 5. cxd5 g6 6. Nc3 d6 7. e4 Bg7 8. Be2 O-O 9. O-O a6 10. a4 Bg4 11. Bf4 Bxf3 12. Bxf3 Qe7 13. Re1 Nbd7 14. a5 Rab8 15. Na4 Ne5 16. Nb6 Nfd7 17. Nxd7 Qxd7 18. Be2 b5 19. Bc1 Qb7 20. Bf1 Ra8 21. h3 f5 22. Bg5 f4 23. Be7 c4 24. Rb1 Nf3+ 0-1

[Event "Laval op"]
[Site "Laval CAN"]
[Date "1982.04.03"]
[Round "3"]
[White "Bolduc, Steve"]
[Black "Hebert, Jean"]
[Result "0-1"]
[WhiteElo "2039"]
[BlackElo "2414"]
[PlyCount "84"]
[GameId "2160767912848628"]
[EventDate "1982.04.02"]
[EventType "swiss"]
[EventRounds "5"]
[EventCountry "CAN"]
[SourceTitle "hb 2011"]

1. d4 Nf6 2. c4 c5 3. e3 e6 4. Nf3 d5 5. Nc3 Nc6 6. a3 a6 7. Bd3 dxc4 8. Bxc4 b5 9. Bd3 Bb7 10. O-O Rc8 11. Ne4 cxd4 12. Nxf6+ gxf6 13. exd4 Ne7 14. Qe2 Qd5 15. Re1 Nf5 16. Be4 Qxe4 17. Qxe4 Bxe4 18. Rxe4 Ne7 19. Kf1 Nd5 20. Re2 Kd7 21. Be3 Bd6 22. Ke1 Rc6 23. Rc1 Nxe3 24. Rxc6 Nxg2+ 25. Kf1 Kxc6 26. Kxg2 Kd5 27. Rc2 Ke4 28. Re2+ Kf4 29. Nd2 Rg8+ 30. Kf1 Kf5 31. b4 Rc8 32. Re3 Rc2 33. Nb3 Kg5 34. Nc5 Rc4 35. Rd3 Kf4 36. Rh3 Kg4 37. Rd3 Bxh2 38. Nxa6 h5 39. d5 exd5 40. Rxd5 Rc3 41. Kg2 Bf4 42. Nc5 h4 0-1

[Event "Laval op"]
[Site "Laval CAN"]
[Date "1982.04.04"]
[Round "4"]
[White "Hebert, Jean"]
[Black "Spraggett, Kevin"]
[Result "1-0"]
[WhiteElo "2414"]
[BlackElo "2524"]
[PlyCount "157"]
[GameId "2160767912848629"]
[EventDate "1982.04.02"]
[EventType "swiss"]
[EventRounds "5"]
[EventCountry "CAN"]
[SourceTitle "EXT 2022"]
[Source "ChessBase"]
[SourceDate "2021.10.06"]
[SourceVersion "1"]
[SourceVersionDate "2021.10.06"]
[SourceQuality "1"]

1. e4 c5 2. Nf3 e6 3. c3 Nf6 4. e5 Nd5 5. d4 cxd4 6. cxd4 b6 7. Bg5 Be7 8. Bxe7 Qxe7 9. Nbd2 O-O 10. Bc4 Bb7 11. O-O f6 12. Re1 Na6 13. Ne4 Nac7 14. Rc1 Bc6 15. exf6 gxf6 16. Qd2 Kh8 17. Ng3 Qg7 18. Bd3 Rg8 19. Re4 Ne7 20. Rh4 Ng6 21. Rh6 Nf8 22. Nh4 Qg5 23. Qxg5 fxg5 24. Nf3 Kg7 25. Rh5 h6 26. Ne5 Nd5 27. h4 g4 28. Nxc6 dxc6 29. Rxc6 Rd8 30. Ne2 Nb4 31. Rc7+ Rd7 32. Rxd7+ Nxd7 33. Bc4 Re8 34. a3 Nc6 35. Bb5 Rc8 36. Nf4 Nf6 37. Nxe6+ Kf7 38. Rxh6 Ne7 39. Rxf6+ Kxf6 40. Nf4 Nf5 41. Nd5+ Kg7 42. Nc3 Nxd4 43. Bd7 Rh8 44. Bxg4 Rxh4 45. f3 Rh8 46. Kf2 Nc6 47. f4 Rd8 48. Ke3 Ne7 49. Be6 Kf6 50. Ba2 Nf5+ 51. Ke2 Nd4+ 52. Kf2 Kf5 53. g3 Rh8 54. Kg2 b5 55. Bb1+ Ke6 56. Bd3 Rb8 57. b4 a6 58. g4 Rd8 59. Kg3 Kf7 60. g5 Ne6 61. Bb1 Rd4 62. Ne4 Rd1 63. Ba2 Ke7 64. f5 Rg1+ 65. Kh4 Re1 66. Bxe6 Rxe4+ 67. Kh5 Re3 68. Kg6 Rxa3 69. Bd5 Kd6 70. Bb7 Kc7 71. Ba8 Rg3 72. f6 Kd6 73. Bb7 a5 74. bxa5 b4 75. a6 b3 76. a7 b2 77. Be4 Ra3 78. f7 Ke7 79. Kg7 1-0

[Event "Laval op"]
[Site "Laval CAN"]
[Date "1982.04.04"]
[Round "5"]
[White "Barbeau, Sylvain"]
[Black "Hebert, Jean"]
[Result "0-1"]
[WhiteElo "2268"]
[BlackElo "2414"]
[PlyCount "92"]
[GameId "2160767912848632"]
[EventDate "1982.04.02"]
[EventType "swiss"]
[EventRounds "5"]
[EventCountry "CAN"]
[SourceTitle "EXT 2022"]
[Source "ChessBase"]
[SourceDate "2021.10.06"]
[SourceVersion "1"]
[SourceVersionDate "2021.10.06"]
[SourceQuality "1"]

1. c4 e5 2. Nc3 Nc6 3. g3 d6 4. Bg2 Be6 5. d3 Qd7 6. Rb1 g6 7. b4 Bg7 8. b5 Nd8 9. e4 Ne7 10. Nd5 O-O 11. Ne2 a6 12. a4 axb5 13. axb5 Bxd5 14. cxd5 b6 15. O-O Nb7 16. d4 Ra5 17. Qd3 exd4 18. Nxd4 Nc5 19. Qd1 Re8 20. Be3 Ra3 21. Qc2 Rea8 22. Rfd1 h5 23. h4 Kh7 24. Nb3 Ra2 25. Nxc5 bxc5 26. Qd3 Nc8 27. Rd2 R2a3 28. Qe2 Nb6 29. Rd3 R3a4 30. e5 c4 31. Rd2 Bxe5 32. Bxb6 cxb6 33. Be4 c3 34. Rc2 Kg7 35. Kg2 f5 36. Bd3 Rg4 37. Rbc1 Ra3 38. Qf1 Rga4 39. f4 Bf6 40. Qf2 Qb7 41. Qf3 Qc7 42. Re1 Qc5 43. Re6 Ra1 44. Rf2 Rc1 45. Kh3 c2 46. Rh2 Rf1 0-1

[Event "Specialiste"]
[Site "Montreal CAN"]
[Date "1982.03.19"]
[Round "1"]
[White "Morin, Louis"]
[Black "Hebert, Jean"]
[Result "0-1"]
[WhiteElo "1863"]
[BlackElo "2414"]
[PlyCount "124"]
[GameId "2160767912848654"]
[EventDate "1982.03.19"]
[EventType "swiss"]
[EventRounds "5"]
[EventCountry "CAN"]
[SourceTitle "EXT 2022"]
[Source "ChessBase"]
[SourceDate "2021.10.06"]
[SourceVersion "1"]
[SourceVersionDate "2021.10.06"]
[SourceQuality "1"]

1. e4 c5 2. d4 cxd4 3. c3 dxc3 4. Nxc3 Nc6 5. Nf3 e6 6. Bc4 a6 7. O-O Nge7 8. Bg5 f6 9. Be3 b5 10. Bb3 Ng6 11. Qe2 Na5 12. Bd5 exd5 13. Nxd5 Rb8 14. Ba7 Bd6 15. e5 fxe5 16. Nxe5 Bxe5 17. Bxb8 O-O 18. Bxe5 Re8 19. Bc7 Rxe2 20. Bxd8 Nc6 21. Bg5 Rxb2 22. Nb6 Bb7 23. Nxd7 Nd4 24. Nc5 Bd5 25. Nd3 Re2 26. Nf4 Nxf4 27. Bxf4 Bxa2 28. Rfe1 Rc2 29. Bd6 a5 30. Re8+ Kf7 31. Re7+ Kg6 32. Rc7 Bc4 33. Be5 Ne6 34. Ra7 a4 35. h3 h5 36. Ra3 Bb3 37. Rb7 Rc5 38. Bd6 Rd5 39. Bb4 Nd4 40. Bf8 Ne6 41. Bb4 h4 42. Kh2 Nd4 43. Bc3 Nc2 44. Rxg7+ Kh6 45. Rxb3 axb3 46. Rg4 b4 47. Rxh4+ Kg6 48. Rg4+ Rg5 49. Rxg5+ Kxg5 50. Bb2 Ne1 51. Kg3 Kf5 52. h4 Nd3 53. Ba1 b2 54. Bxb2 Nxb2 55. Kf3 Nd1 56. g4+ Ke5 57. Ke2 Nxf2 58. g5 Ne4 59. Kd3 Kd5 60. g6 Nf6 61. g7 Ng8 62. h5 Nh6 0-1

[Event "Specialiste"]
[Site "Montreal CAN"]
[Date "1982.03.20"]
[Round "3"]
[White "Picard, Claude"]
[Black "Hebert, Jean"]
[Result "0-1"]
[WhiteElo "1932"]
[BlackElo "2414"]
[PlyCount "100"]
[GameId "2160767912848659"]
[EventDate "1982.03.19"]
[EventType "swiss"]
[EventRounds "5"]
[EventCountry "CAN"]
[SourceTitle "EXT 2022"]
[Source "ChessBase"]
[SourceDate "2021.10.06"]
[SourceVersion "1"]
[SourceVersionDate "2021.10.06"]
[SourceQuality "1"]

1. d4 Nf6 2. c4 e6 3. Nc3 c5 4. d5 exd5 5. cxd5 d6 6. e4 g6 7. f4 Bg7 8. Nf3 O-O 9. Bd3 b5 10. O-O c4 11. Bc2 b4 12. Ne2 Re8 13. Ng3 Ba6 14. h3 Nbd7 15. Re1 Nc5 16. Nd4 Qb6 17. Be3 Nfxe4 18. Nxe4 Nxe4 19. Ne6 Nc5 20. Nxg7 Rxe3 21. Rxe3 Nd3 22. Qf3 Kxg7 23. Kh2 Qd4 24. Rf1 Qf6 25. b3 Nc5 26. Rfe1 cxb3 27. axb3 Bb5 28. g4 a5 29. Kg3 h6 30. h4 Qb2 31. Bb1 a4 32. bxa4 Rxa4 33. h5 Ra1 34. Qh1 Qd4 35. Qg1 gxh5 36. gxh5 Rxb1 37. Rxb1 Kh7 38. Rd1 Ne4+ 39. Rxe4 Qxe4 40. Rd4 Qf5 41. Qe3 Qxh5 42. Qf3 Qg6+ 43. Qg4 Qc2 44. f5 Qc3+ 45. Kh2 Qb2+ 46. Kh1 Be2 47. Qe4 Bf3+ 48. Qxf3 Qxd4 49. f6 Qh4+ 50. Kg2 Kg6 0-1

[Event "Specialiste"]
[Site "Montreal CAN"]
[Date "1982.03.21"]
[Round "4"]
[White "Rousseau, Jean Francois1"]
[Black "Hebert, Jean"]
[Result "0-1"]
[WhiteElo "2139"]
[BlackElo "2414"]
[PlyCount "66"]
[GameId "2160767912848662"]
[EventDate "1982.03.19"]
[EventType "swiss"]
[EventRounds "5"]
[EventCountry "CAN"]
[SourceTitle "EXT 2022"]
[Source "ChessBase"]
[SourceDate "2021.10.06"]
[SourceVersion "1"]
[SourceVersionDate "2021.10.06"]
[SourceQuality "1"]

1. e4 c5 2. Nf3 d6 3. d4 cxd4 4. Nxd4 Nf6 5. Nc3 e6 6. Be2 Na6 7. f4 Qb6 8. a4 Be7 9. a5 Qc7 10. O-O O-O 11. Bf3 e5 12. Nb3 Be6 13. f5 Bc4 14. Re1 h6 15. Be3 Rfd8 16. Ra4 d5 17. Nxd5 Bxd5 18. exd5 Nb4 19. Qe2 e4 20. Bf2 Qxc2 21. Qxc2 Nxc2 22. Re2 exf3 23. Rxe7 Nxd5 24. Rxb7 Nc3 25. bxc3 Rd1+ 26. Be1 Re8 27. Kf2 fxg2 28. Nd4 Nxe1 29. Ra2 Re4 30. Ne2 Nc2 31. Ng1 Rf1+ 32. Kg3 Ne1 33. Rxg2 Re3+ 0-1

[Event "Specialiste"]
[Site "Montreal CAN"]
[Date "1982.03.21"]
[Round "5"]
[White "Hebert, Jean"]
[Black "Spraggett, Kevin"]
[Result "1/2-1/2"]
[WhiteElo "2414"]
[BlackElo "2526"]
[PlyCount "63"]
[GameId "2160767912848663"]
[EventDate "1982.03.19"]
[EventType "swiss"]
[EventRounds "5"]
[EventCountry "CAN"]
[SourceTitle "EXT 2022"]
[Source "ChessBase"]
[SourceDate "2021.10.06"]
[SourceVersion "1"]
[SourceVersionDate "2021.10.06"]
[SourceQuality "1"]

1. e4 c5 2. Nf3 e6 3. Nc3 a6 4. g3 b5 5. d3 Bb7 6. Bg2 Nf6 7. O-O b4 8. Ne2 Be7 9. b3 O-O 10. Re1 Nc6 11. Bb2 d6 12. a4 Nd7 13. Nd2 e5 14. Nc4 a5 15. Rf1 Nd4 16. f4 Nb6 17. Bxd4 cxd4 18. Qd2 Qc7 19. Rae1 Bc6 20. h4 Qb7 21. fxe5 Nxc4 22. dxc4 dxe5 23. Nc1 Rae8 24. Nd3 Bd6 25. Qe2 Re6 26. Kh2 Qe7 27. Bh3 Rf6 28. Nf2 Bb8 29. Qg4 Qb7 30. Qe2 Qe7 31. Qg4 Qb7 32. Qe2 1/2-1/2

[Event "Carnaval"]
[Site "Quebec CAN"]
[Date "1982.02.13"]
[Round "2"]
[White "Boudreau, Daniel"]
[Black "Hebert, Jean"]
[Result "0-1"]
[WhiteElo "1862"]
[BlackElo "2409"]
[PlyCount "116"]
[GameId "2160767912848713"]
[EventDate "1982.02.12"]
[EventType "swiss"]
[EventRounds "5"]
[EventCountry "CAN"]

1. e4 c5 2. Nf3 d6 3. d4 cxd4 4. Nxd4 Nf6 5. Nc3 e6 6. Be2 Nc6 7. O-O Be7 8. Be3 O-O 9. Kh1 e5 10. Nb3 Be6 11. f4 exf4 12. Bxf4 Ne8 13. Qe1 Bf6 14. Rd1 Qe7 15. Nd5 Bxd5 16. exd5 Ne5 17. c3 Ng6 18. Bg3 Nc7 19. Qf2 Be5 20. Rfe1 Qg5 21. Bxe5 Nxe5 22. Nd4 Rfe8 23. Nf3 Qf6 24. Qd4 b6 25. Qa4 g6 26. h3 h5 27. Nxe5 Rxe5 28. Bf3 b5 29. Qa5 Re7 30. Rxe7 Qxe7 31. c4 bxc4 32. Rd4 Ne8 33. Rxc4 Ng7 34. Rc7 Qh4 35. Rxa7 Rxa7 36. Qxa7 Nf5 37. Qa5 Qf2 38. Kh2 h4 39. Qc3 Ne3 40. Qc8+ Kg7 41. Qc3+ Kh7 42. Qc1 g5 43. a4 Kg6 44. b4 f5 45. Qg1 Nf1+ 46. Kh1 Ng3+ 47. Kh2 Qd2 48. Qb1 Qf4 49. Kg1 Qd4+ 50. Kh2 Qe5 51. Kg1 Kh6 52. b5 Qd4+ 53. Kh2 Qf4 54. Kg1 g4 55. hxg4 h3 56. g5+ Kxg5 57. Qd1 h2+ 58. Kxh2 Ne2+ 0-1

[Event "Carnaval"]
[Site "Quebec CAN"]
[Date "1982.02.14"]
[Round "4"]
[White "Girard, Robin"]
[Black "Hebert, Jean"]
[Result "0-1"]
[WhiteElo "1789"]
[BlackElo "2409"]
[PlyCount "50"]
[GameId "2160767912848717"]
[EventDate "1982.02.12"]
[EventType "swiss"]
[EventRounds "5"]
[EventCountry "CAN"]

1. e4 c5 2. Nc3 Nc6 3. f4 e6 4. Nf3 d5 5. Bb5 Nf6 6. d3 Be7 7. Bxc6+ bxc6 8. O-O O-O 9. Qe1 Nd7 10. Ne2 c4 11. exd5 cxd3 12. cxd3 exd5 13. d4 Ba6 14. Rf2 Nf6 15. Ng3 Re8 16. Qc3 Qb6 17. Ne5 Bb4 18. Qe3 Ng4 19. Nxg4 Rxe3 20. Bxe3 Re8 21. Bd2 Qxd4 22. Bxb4 Qxb4 23. Rc1 Re1+ 24. Rxe1 Qxe1+ 25. Nf1 d4 0-1

[Event "Specialiste op"]
[Site "Montreal CAN"]
[Date "1982.01.30"]
[Round "2"]
[White "Hebert, Jean"]
[Black "Kurtz, Murray"]
[Result "1-0"]
[WhiteElo "2408"]
[BlackElo "1983"]
[PlyCount "77"]
[GameId "2160767912848865"]
[EventDate "1982.01.29"]
[EventType "swiss"]
[EventRounds "5"]
[EventCountry "CAN"]
[SourceTitle "EXT 2022"]
[Source "ChessBase"]
[SourceDate "2021.10.06"]
[SourceVersion "1"]
[SourceVersionDate "2021.10.06"]
[SourceQuality "1"]

1. e4 c5 2. Nf3 d6 3. Nc3 Nf6 4. g3 Nc6 5. Bg2 g6 6. d4 cxd4 7. Nxd4 Nxd4 8. Qxd4 Bg7 9. h3 O-O 10. Bd2 Ng4 11. Qd3 Ne5 12. Qe2 Be6 13. b3 Rc8 14. Rc1 a6 15. Nd5 Re8 16. O-O Bxd5 17. exd5 Nd7 18. c4 Nf6 19. Kh2 e5 20. dxe6 Rxe6 21. Qd3 d5 22. cxd5 Rxc1 23. Rxc1 Rd6 24. Bb4 Rd7 25. d6 Bf8 26. Qe3 Ne8 27. Ba5 Qxa5 28. Qxe8 Qd8 29. Qxd8 Rxd8 30. Bxb7 Rxd6 31. Kg2 Rd2 32. Rc7 a5 33. a4 Rd3 34. h4 h5 35. Ba6 Rxb3 36. Bc4 Rb2 37. Bxf7+ Kg7 38. Be8+ Kh6 39. Rc6 1-0

[Event "Specialiste op"]
[Site "Montreal CAN"]
[Date "1982.01.30"]
[Round "4"]
[White "Hebert, Jean"]
[Black "Barbeau, Sylvain"]
[Result "1-0"]
[WhiteElo "2408"]
[BlackElo "2235"]
[PlyCount "55"]
[GameId "2160767912848868"]
[EventDate "1982.01.29"]
[EventType "swiss"]
[EventRounds "5"]
[EventCountry "CAN"]
[SourceTitle "EXT 2022"]
[Source "ChessBase"]
[SourceDate "2021.10.06"]
[SourceVersion "1"]
[SourceVersionDate "2021.10.06"]
[SourceQuality "1"]

1. f4 d5 2. d3 Nf6 3. c3 c5 4. Nf3 Nc6 5. g3 g6 6. Bg2 Bg7 7. O-O O-O 8. Na3 Rb8 9. Qc2 d4 10. e4 dxe3 11. Bxe3 b6 12. Kh1 Ng4 13. Bg1 e5 14. Nxe5 Ngxe5 15. fxe5 Nxe5 16. d4 cxd4 17. cxd4 Ng4 18. Rad1 Bb7 19. d5 Rc8 20. Qb3 h5 21. Nb5 Ba6 22. Nxa7 Bxf1 23. Rxf1 Ra8 24. Nc6 Qd6 25. Qxb6 Rxa2 26. Bc5 Rxb2 27. Qa7 Nf2+ 28. Kg1 1-0

[Event "Specialiste op"]
[Site "Montreal CAN"]
[Date "1982.01.31"]
[Round "5"]
[White "Spraggett, Kevin"]
[Black "Hebert, Jean"]
[Result "1-0"]
[WhiteElo "2524"]
[BlackElo "2408"]
[PlyCount "91"]
[GameId "2160767912848872"]
[EventDate "1982.01.29"]
[EventType "swiss"]
[EventRounds "5"]
[EventCountry "CAN"]
[SourceTitle "EXT 2022"]
[Source "ChessBase"]
[SourceDate "2021.10.06"]
[SourceVersion "1"]
[SourceVersionDate "2021.10.06"]
[SourceQuality "1"]

1. d4 Nf6 2. c4 c5 3. d5 e6 4. Nc3 exd5 5. cxd5 d6 6. e4 g6 7. Nf3 Bg7 8. Be2 O-O 9. O-O Re8 10. Nd2 Na6 11. f3 Nd7 12. Kh1 Nc7 13. Nc4 Ne5 14. Ne3 f5 15. exf5 gxf5 16. f4 Ng6 17. Bd3 Qf6 18. a4 Bd7 19. Rf3 Na6 20. Nb5 Re7 21. Ra3 Rf7 22. Bd2 Qe7 23. Nc4 Bxb5 24. axb5 Nc7 25. b6 Nb5 26. Ra5 a6 27. Re3 Qd7 28. Re6 Rf6 29. Re1 Raf8 30. Qb1 Qf7 31. b4 cxb4 32. Ne5 dxe5 33. fxe5 Nxe5 34. Rxe5 Nc3 35. Qxb4 Ne4 36. Be3 Rh6 37. Re7 Qg6 38. Bxh6 Qxh6 39. Qc4 Qe3 40. d6+ Kh8 41. h3 Bd4 42. Ra1 Bxa1 43. Bxe4 Bd4 44. Qf1 Bxb6 45. d7 Bd8 46. Qa1+ 1-0

[Event "Montreal m"]
[Site "Montreal CAN"]
[Date "1982.??.??"]
[Round "1"]
[White "Hebert, Jean"]
[Black "Spraggett, Kevin"]
[Result "0-1"]
[WhiteElo "2425"]
[BlackElo "2465"]
[PlyCount "64"]
[GameId "2160767912848914"]
[EventDate "1982.??.??"]
[EventType "match"]
[EventRounds "4"]
[EventCountry "CAN"]
[SourceTitle "EXT 2003"]
[Source "ChessBase"]
[SourceDate "2002.11.25"]
[SourceVersion "1"]
[SourceVersionDate "2002.11.25"]
[SourceQuality "1"]

1. Nf3 Nf6 2. c4 g6 3. d4 Bg7 4. g3 O-O 5. Bg2 d5 6. cxd5 Nxd5 7. O-O Nb6 8. Nc3 Nc6 9. d5 Na5 10. e4 c6 11. Re1 Re8 12. dxc6 Nxc6 13. Nd5 Bg4 14. Bf4 Rc8 15. Rb1 Nd4 16. Be3 Nc2 17. Bxb6 axb6 18. Re2 Bxf3 19. Bxf3 Nd4 20. Re3 e6 21. Nc3 Qc7 22. Bg2 Red8 23. Qf1 Qc5 24. Kh1 b5 25. a3 Nc2 26. Rf3 b4 27. axb4 Qxb4 28. h4 Rd2 29. g4 Nd4 30. Re3 Rxb2 31. Rxb2 Qxb2 32. Ne2 Rc2 0-1

[Event "Montreal m"]
[Site "Montreal CAN"]
[Date "1982.??.??"]
[Round "2"]
[White "Spraggett, Kevin"]
[Black "Hebert, Jean"]
[Result "1-0"]
[WhiteElo "2465"]
[BlackElo "2425"]
[PlyCount "75"]
[GameId "2160767912848915"]
[EventDate "1982.??.??"]
[EventType "match"]
[EventRounds "4"]
[EventCountry "CAN"]
[SourceTitle "EXT 2003"]
[Source "ChessBase"]
[SourceDate "2002.11.25"]
[SourceVersion "1"]
[SourceVersionDate "2002.11.25"]
[SourceQuality "1"]

1. e4 c5 2. Nf3 d6 3. d4 cxd4 4. Nxd4 Nf6 5. Nc3 e6 6. f4 Nc6 7. Be3 Be7 8. Qf3 O-O 9. O-O-O Qc7 10. Rg1 a6 11. g4 Re8 12. g5 Nd7 13. h4 Nxd4 14. Rxd4 b5 15. h5 Rb8 16. f5 Ne5 17. Qf2 b4 18. Nd1 exf5 19. exf5 Bb7 20. f6 Bf8 21. Rxb4 Bf3 22. Rxb8 Rxb8 23. Nc3 Qb7 24. b3 Bxh5 25. Bd4 Bg6 26. Rg3 Rc8 27. Bh3 Rc7 28. Bf5 Qh1+ 29. Kb2 Nc4+ 30. bxc4 Rb7+ 31. Nb5 axb5 32. c5 dxc5 33. fxg7 Be7 34. Bxg6 hxg6 35. Bf6 Qh4 36. Ra3 Qb4+ 37. Rb3 Qg4 38. Qh2 1-0

[Event "Montreal m"]
[Site "Montreal CAN"]
[Date "1982.??.??"]
[Round "3"]
[White "Hebert, Jean"]
[Black "Spraggett, Kevin"]
[Result "1/2-1/2"]
[WhiteElo "2425"]
[BlackElo "2465"]
[PlyCount "71"]
[GameId "2160767912848916"]
[EventDate "1982.??.??"]
[EventType "match"]
[EventRounds "4"]
[EventCountry "CAN"]
[SourceTitle "EXT 2003"]
[Source "ChessBase"]
[SourceDate "2002.11.25"]
[SourceVersion "1"]
[SourceVersionDate "2002.11.25"]
[SourceQuality "1"]

1. e4 c5 2. Nf3 d6 3. Nc3 e5 4. Bc4 Be7 5. d3 Nf6 6. h3 Nc6 7. O-O O-O 8. a4 h6 9. Nd5 Nxd5 10. Bxd5 Be6 11. c3 Bxd5 12. exd5 Nb8 13. Nh2 Nd7 14. f4 Rc8 15. Qe2 exf4 16. Bxf4 Nf6 17. Rae1 Rc7 18. Qf3 Nh7 19. Ng4 Bg5 20. Ne3 g6 21. Nc4 Rd7 22. Bh2 Nf6 23. Re2 Kg7 24. g4 Rh8 25. Rg2 h5 26. Nd2 hxg4 27. hxg4 Rh4 28. Nc4 b6 29. Re1 Qa8 30. Bxd6 Qxd5 31. Qxd5 Nxd5 32. Re5 Be3+ 33. Nxe3 Nxe3 34. Rxe3 Rxd6 35. Rgg3 Kf8 36. Kg2 1/2-1/2